[Event "Konjic op 12th"]
[Site "Konjic"]
[Date "2023.03.03"]
[Round "5"]
[White "Boci, Petro"]
[Black "Rozic, Slaven"]
[Result "1/2-1/2"]
[WhiteElo "1777"]
[BlackElo "2089"]
[PlyCount "64"]
[EventDate "2023.03.01"]
[EventType "swiss"]
[EventRounds "7"]
[EventCountry "BIH"]
[SourceTitle "CBM 213 Extra"]
[Source "ChessBase"]
[SourceDate "2023.05.31"]
[SourceVersion "1"]
[SourceVersionDate "2023.05.31"]
[SourceQuality "1"]

1. e4 e6 2. d4 d5 3. Nc3 Nf6 4. e5 Nfd7 5. f4 c5 6. Nf3 Nc6 7. Be3 cxd4 8. Nxd4 Bc5 9. Qd2 0-0 10. 0-0-0 a6 11. g4 Qc7 12. h4 Nxd4 13. Bxd4 b5 14. h5 b4 15. Ne2 a5 16. g5 Ba6 17. g6 Bxe2 18. Bxe2 fxg6 19. hxg6 h6 20. Bg4 Ra6 21. Rh2 Bxd4 22. Qxd4 Qc5 23. Qd3 Rc6 24. Qh3 Qe7 25. Rd4 Rfc8 26. f5 Rc4 27. Qe3 Rxd4 28. f6 Qc5 29. Bxe6+ Kf8 30. Qxh6 Rd1+ 31. Kxd1 Qg1+ 32. Kd2 Qd4+ 1/2-1/2

[Event "EU-chT U18"]
[Site "Thessaloniki"]
[Date "2022.07.16"]
[Round "5.4"]
[White "Boci, Petro"]
[Black "Vagman, Roy"]
[Result "0-1"]
[WhiteElo "1709"]
[BlackElo "2180"]
[PlyCount "118"]
[EventDate "2022.07.12"]
[EventType "team-swiss"]
[EventRounds "7"]
[EventCountry "GRE"]
[SourceTitle "CBM 209 Extra"]
[Source "ChessBase"]
[SourceDate "2022.09.30"]
[SourceVersion "1"]
[SourceVersionDate "2022.09.30"]
[SourceQuality "1"]
[WhiteTeam "Albania U18"]
[BlackTeam "Israel Tel Aviv U18"]
[WhiteTeamCountry "ALB"]
[BlackTeamCountry "ISR"]

1. e4 c5 2. Nf3 Nc6 3. d4 cxd4 4. Nxd4 e5 5. Nb5 d6 6. N1c3 a6 7. Na3 Be6 8. Nc4 Rb8 9. a4 b5 10. axb5 axb5 11. Ne3 b4 12. Ncd5 Be7 13. Bc4 Nf6 14. Nxf6+ Bxf6 15. Nd5 0-0 16. 0-0 Bg5 17. Ra6 Bxc1 18. Qxc1 Nd4 19. c3 bxc3 20. bxc3 Nb3 21. Bxb3 Rxb3 22. Qd1 Rb7 23. Rxd6 Qb8 24. Nb4 Qa8 25. Qd3 Rc7 26. Rd1 h6 27. Ra6 Qc8 28. Ra3 Rd7 29. Nd5 Qc5 30. c4 Kh7 31. Ra6 Rfd8 32. Rda1 Rd6 33. R6a5 Qc8 34. c5 Rc6 35. Qe3 Qb7 36. h4 Rcc8 37. Nc3 Qb3 38. Qg3 Rd4 39. R5a3 Qb4 40. Qxe5 Rxc5 41. Qg3 Rdc4 42. Ne2 Rxe4 43. Ra4 Qxa4 44. Rxa4 Rxa4 45. Nf4 Bf5 46. Qf3 Rc1+ 47. Kh2 Rcc4 48. g3 Ra1 49. Ng2 Be4 50. Qf4 Rh1+ 51. Kxh1 Bxg2+ 52. Kxg2 Rxf4 53. gxf4 Kg6 54. Kg3 h5 55. Kg2 Kf5 56. Kf3 g6 57. Ke3 Kg4 58. Ke4 Kxh4 59. f5 Kg4 0-1

[Event "EU-ch Hybrid U18"]
[Site "Tornelo INT"]
[Date "2021.10.15"]
[Round "3"]
[White "Fonseca, Pedro Miguel Ramos"]
[Black "Boci, Petro"]
[Result "0-1"]
[WhiteElo "1826"]
[BlackElo "1460"]
[PlyCount "105"]
[EventDate "2021.10.15"]
[EventType "swiss"]
[EventRounds "9"]
[EventCountry "NET"]
[SourceTitle "EXT 2023"]
[Source "ChessBase"]
[SourceDate "2022.10.05"]
[SourceVersion "1"]
[SourceVersionDate "2022.10.05"]
[SourceQuality "1"]
[WhiteTeam "Portugal"]
[BlackTeam "Albania"]
[WhiteTeamCountry "POR"]
[BlackTeamCountry "ALB"]

1. e4 c5 2. Nf3 Nc6 3. d4 cxd4 4. Nxd4 Nf6 5. Nc3 e5 6. Ndb5 d6 7. Bg5 a6 8. Na3 b5 9. Bxf6 gxf6 10. Nd5 f5 11. Bxb5 axb5 12. Nxb5 Ra4 13. Nbc7+ Kd7 14. 0-0 Qg5 15. Nb6+ Kxc7 16. Nxa4 Rg8 17. g3 Ba6 18. Re1 f4 19. Qd5 Be7 20. Qb3 Rb8 21. Qxf7 Nd4 22. h4 Nf3+ 23. Kh1 Nxh4 24. Nc3 Ng6 25. Nd5+ Kc6 26. a4 fxg3 27. fxg3 Qxg3 28. Re3 Qh4+ 29. Kg2 Nf4+ 30. Nxf4 Qxf4 31. Rc3+ Kd7 32. Qxf4 exf4 33. Rb3 Rc8 34. c3 Ke6 35. Rb6 Bd3 36. Re1 Bh4 37. Rd1 Bxe4+ 38. Kh3 Be7 39. Rd4 Ke5 40. Rbb4 d5 41. Rb7 Bf5+ 42. Kg2 Rg8+ 43. Kf2 Bh4+ 44. Kf1 Bh3+ 45. Ke2 Rg2+ 46. Kd1 Bg4+ 47. Kc1 Bg5 48. Rg7 Bf5 49. Kd1 f3 50. Ke1 Re2+ 51. Kf1 Bh3+ 52. Kg1 f2+ 53. Kh2 0-1

[Event "EU-ch Hybrid U18"]
[Site "Tornelo INT"]
[Date "2021.10.15"]
[Round "1"]
[White "Sismeiro, Miguel"]
[Black "Boci, Petro"]
[Result "1-0"]
[WhiteElo "2184"]
[BlackElo "1460"]
[PlyCount "73"]
[EventDate "2021.10.15"]
[EventType "swiss"]
[EventRounds "9"]
[EventCountry "NET"]
[SourceTitle "EXT 2023"]
[Source "ChessBase"]
[SourceDate "2022.10.05"]
[SourceVersion "1"]
[SourceVersionDate "2022.10.05"]
[SourceQuality "1"]
[WhiteTeam "Portugal"]
[BlackTeam "Albania"]
[WhiteTeamCountry "POR"]
[BlackTeamCountry "ALB"]

1. e4 c5 2. Nf3 Nc6 3. Bb5 g6 4. 0-0 Bg7 5. Nc3 e5 6. Bxc6 dxc6 7. d3 Qd6 8. Nd2 Be6 9. Qe2 Ne7 10. Nc4 Bxc4 11. dxc4 0-0 12. Be3 b6 13. Rfd1 Qc7 14. Rd3 Rad8 15. Rad1 Rxd3 16. Qxd3 h5 17. Qd7 Rc8 18. Bg5 Nd5 19. Qh3 Nf6 20. Bxf6 Bxf6 21. Rd7 Qb8 22. Rxa7 Rd8 23. Rd7 Qc8 24. Rxd8+ Qxd8 25. Qd3 Qc7 26. Kf1 Kg7 27. a3 Be7 28. Ke2 Qc8 29. h3 Qe6 30. Na4 b5 31. Nb6 bxc4 32. Nxc4 f5 33. a4 Bd8 34. a5 Bc7 35. a6 Bb8 36. b3 fxe4 37. Qd8 1-0

[Event "Wch FIDE Online U16 Europe qual"]
[Site "Tornelo INT"]
[Date "2020.12.08"]
[Round "3"]
[White "Boci, Petro"]
[Black "Bettalli, Francesco"]
[Result "1/2-1/2"]
[WhiteElo "1434"]
[BlackElo "2215"]
[PlyCount "150"]
[EventDate "2020.12.07"]
[EventType "swiss (rapid)"]
[EventRounds "7"]
[EventCountry "ISS"]
[SourceTitle "EXT 2022"]
[Source "ChessBase"]
[SourceDate "2021.10.06"]
[SourceVersion "1"]
[SourceVersionDate "2021.10.06"]
[SourceQuality "1"]

1. e4 c5 2. Nf3 Nc6 3. d4 cxd4 4. Nxd4 Nf6 5. Nc3 e5 6. Ndb5 d6 7. Bg5 a6 8. Na3 b5 9. Nd5 Be7 10. Bxf6 Bxf6 11. c3 Bg5 12. Nc2 Rb8 13. g3 0-0 14. Bg2 Be6 15. 0-0 Qd7 16. a3 Kh8 17. Qe2 Bxd5 18. exd5 Ne7 19. Nb4 Ra8 20. h4 Bh6 21. Rad1 f5 22. Nc6 Ng6 23. Kh2 Rae8 24. a4 bxa4 25. Qxa6 f4 26. Bh3 Qf7 27. Qxa4 e4 28. Be6 Qf6 29. Qxe4 Nxh4 30. Nd4 Ng6 31. Qf5 Qd8 32. Qh3 Ne5 33. Bf5 Qg5 34. g4 Qf6 35. Ne6 Rf7 36. f3 Rb7 37. Kg1 Rxb2 38. g5 Qf7 39. gxh6 gxh6 40. Kh1 Nc4 41. Rg1 Ne3 42. Rb1 Rxb1 43. Bxb1 Rg8 44. Rxg8+ Qxg8 45. Nxf4 Qb8 46. Bd3 Qa8 47. Kh2 Qa2+ 48. Kg3 Qa8 49. Qxh6 Qg8+ 50. Kh4 Qf7 51. Ng6+ Kg8 52. Nf4 Kh8 53. Ng6+ Kg8 54. Qxe3 hxg6 55. Qe4 Qf6+ 56. Kg3 Qg5+ 57. Qg4 Qe5+ 58. Qf4 Qxc3 59. Bxg6 Qe1+ 60. Kg4 Qg1+ 61. Kf5 Qb1+ 62. Kf6 Qb2+ 63. Ke7 Qb7+ 64. Kf6 Qb2+ 65. Kg5 Qg2+ 66. Qg4 Qd2+ 67. Kh4 Qh2+ 68. Kg5 Qd2+ 69. Kf6 Qb2+ 70. Ke6 Qe5+ 71. Kd7 Qg7+ 72. Kc6 Qc3+ 73. Kd7 Qg7+ 74. Kd8 Qf6+ 75. Kd7 Qg7+ 1/2-1/2

[Event "Balkan-ch U16"]
[Site "Tornelo INT"]
[Date "2020.10.31"]
[Round "3"]
[White "Mitkov, Simeon Alekzander"]
[Black "Boci, Petro"]
[Result "0-1"]
[WhiteElo "1319"]
[BlackElo "1434"]
[PlyCount "68"]
[EventDate "2020.10.31"]
[EventType "swiss"]
[EventRounds "7"]
[EventCountry "NET"]
[SourceTitle "EXT 2023"]
[Source "ChessBase"]
[SourceDate "2022.10.05"]
[SourceVersion "1"]
[SourceVersionDate "2022.10.05"]
[SourceQuality "1"]

1. e4 c5 2. Nf3 Nc6 3. d4 cxd4 4. Nxd4 Nf6 5. Nc3 e5 6. Ndb5 d6 7. Be3 a6 8. Na3 Rb8 9. Qd2 b5 10. Bxb5 axb5 11. Naxb5 Nxe4 12. Nxe4 Rxb5 13. 0-0-0 d5 14. Nc3 Bb4 15. Qd3 Rb8 16. Nxd5 Qa5 17. Nxb4 Nxb4 18. Qd6 Nxa2+ 19. Kb1 Nc3+ 20. Kc1 Qa1+ 21. Kd2 Ne4+ 22. Ke2 Nxd6 23. Rxa1 Rxb2 24. Kd3 Bf5+ 25. Kd2 Rxc2+ 26. Kd1 0-0 27. Bc5 Rxc5 28. Ke2 Rfc8 29. Rhd1 Rc2+ 30. Ke1 Nb5 31. Ra5 R2c5 32. Ra2 Nc3 33. Rad2 Nxd1 34. Kxd1 Be6 0-1

[Event "Balkan-ch U16"]
[Site "Tornelo INT"]
[Date "2020.10.31"]
[Round "1"]
[White "Pobor, Milo"]
[Black "Boci, Petro"]
[Result "1-0"]
[WhiteElo "1988"]
[BlackElo "1434"]
[PlyCount "53"]
[EventDate "2020.10.31"]
[EventType "swiss"]
[EventRounds "7"]
[EventCountry "NET"]
[SourceTitle "EXT 2023"]
[Source "ChessBase"]
[SourceDate "2022.10.05"]
[SourceVersion "1"]
[SourceVersionDate "2022.10.05"]
[SourceQuality "1"]

1. e4 c5 2. Nf3 Nc6 3. d4 cxd4 4. Nxd4 Nf6 5. Nc3 e5 6. Ndb5 d6 7. Bg5 a6 8. Na3 b5 9. Bxf6 gxf6 10. Nd5 f5 11. Bd3 Be6 12. 0-0 Bxd5 13. exd5 Ne7 14. c4 Bg7 15. Rb1 bxc4 16. Nxc4 0-0 17. Qh5 e4 18. Bc2 Rc8 19. b3 Rc5 20. Rbd1 Qd7 21. f3 e3 22. Nxe3 Qa7 23. Kh1 Rc3 24. Bxf5 Nxf5 25. Nxf5 Qc7 26. Qg4 f6 27. Rfe1 1-0

[Event "EU-ch Online U16"]
[Site "Tornelo INT"]
[Date "2020.09.20"]
[Round "7"]
[White "Boci, Petro"]
[Black "Waligora, Franciszek"]
[Result "1-0"]
[WhiteElo "1434"]
[BlackElo "1628"]
[PlyCount "125"]
[EventDate "2020.09.18"]
[EventType "swiss (rapid)"]
[EventRounds "9"]
[EventCountry "NET"]
[SourceTitle "EXT 2023"]
[Source "ChessBase"]
[SourceDate "2022.10.05"]
[SourceVersion "1"]
[SourceVersionDate "2022.10.05"]
[SourceQuality "1"]
[WhiteTeam "Albania"]
[BlackTeam "Luxembourg"]
[WhiteTeamCountry "ALB"]
[BlackTeamCountry "LUX"]

1. e4 e5 2. Nf3 Nc6 3. Bb5 a6 4. Ba4 Nf6 5. 0-0 Be7 6. Re1 b5 7. Bb3 0-0 8. c3 d6 9. h3 Bb7 10. d4 Qd7 11. Nbd2 Rad8 12. Nf1 exd4 13. cxd4 Na5 14. Bc2 c5 15. d5 Nc4 16. b3 Ne5 17. Bb2 Nxf3+ 18. Qxf3 Rfe8 19. Ng3 Bc8 20. Nf5 Kh8 21. Nxe7 Qxe7 22. e5 dxe5 23. Rxe5 Qd6 24. Rae1 Kg8 25. Qg3 Qd7 26. d6 Rxe5 27. Bxe5 Re8 28. Rd1 Qe6 29. Bxf6 Qxf6 30. d7 Bxd7 31. Rxd7 Qb2 32. Qd3 Qc1+ 33. Kh2 Qf4+ 34. Qg3 Qc1 35. Qe3 Qxe3 36. fxe3 g6 37. e4 Kg7 38. Rc7 Re5 39. Kg3 g5 40. Kg4 Kf8 41. Ra7 Re6 42. Kf5 Kg7 43. e5 Rc6 44. Be4 Rc8 45. e6 c4 46. Rxf7+ Kg8 47. Kf6 c3 48. Bxh7+ Kh8 49. Bc2 Kg8 50. Rg7+ Kh8 51. Rxg5 Rf8+ 52. Ke7 Rf2 53. Bg6 Kg7 54. h4 Kh6 55. Rg3 Rd2 56. Rxc3 Rf2 57. Rg3 Rxa2 58. Bf5 Rb2 59. Kf6 a5 60. e7 Re2 61. Rg8 Rf2 62. e8Q Rxg2 63. Rh8# 1-0

[Event "EU-ch Online U16"]
[Site "Tornelo INT"]
[Date "2020.09.19"]
[Round "5"]
[White "Boci, Petro"]
[Black "Dhaenens, Leon"]
[Result "1-0"]
[WhiteElo "1434"]
[BlackElo "1663"]
[PlyCount "101"]
[EventDate "2020.09.18"]
[EventType "swiss (rapid)"]
[EventRounds "9"]
[EventCountry "NET"]
[SourceTitle "EXT 2023"]
[Source "ChessBase"]
[SourceDate "2022.10.05"]
[SourceVersion "1"]
[SourceVersionDate "2022.10.05"]
[SourceQuality "1"]
[WhiteTeam "Albania"]
[BlackTeam "Belgien"]
[WhiteTeamCountry "ALB"]
[BlackTeamCountry "BEL"]

1. e4 c5 2. Nf3 e6 3. d4 cxd4 4. Nxd4 a6 5. Bd3 Qc7 6. 0-0 Nf6 7. Qe2 d6 8. c4 Nbd7 9. Nc3 b6 10. f4 Be7 11. f5 Ne5 12. fxe6 fxe6 13. Nf3 Bb7 14. Nxe5 dxe5 15. Be3 0-0 16. Kh1 Rad8 17. Bc2 Rc8 18. Bd3 Rfd8 19. Rad1 Bc6 20. Rf3 Qb7 21. Bd2 Rd4 22. Be3 Rd7 23. Bd2 Rcd8 24. Rh3 Rd4 25. Be3 R4d7 26. Bd2 Bc5 27. Bg5 Be7 28. Bxf6 Bxf6 29. Rf1 Rd4 30. Rg3 Rf8 31. b3 Rd7 32. Rff3 Rdf7 33. Qe3 b5 34. cxb5 axb5 35. h3 b4 36. Nb1 Qa8 37. Qe2 Rc8 38. Kh2 Be8 39. Qf2 Ra7 40. Rxf6 Bg6 41. Rxe6 Rxa2 42. Qb6 Ra7 43. Rxe5 Rb7 44. Qe6+ Bf7 45. Qg4 Bg6 46. Bc4+ Kh8 47. h4 Be8 48. Qf5 Bg6 49. Rxg6 hxg6 50. Qxg6 Rb6 51. Rh5# 1-0

[Event "Ohrid Lasker U20 op"]
[Site "Ohrid"]
[Date "2019.10.12"]
[Round "6"]
[White "Xhembulla, Aleksander"]
[Black "Boci, Petro"]
[Result "1-0"]
[WhiteElo "1586"]
[BlackElo "1385"]
[PlyCount "63"]
[EventDate "2019.10.10"]
[EventType "swiss"]
[EventRounds "7"]
[EventCountry "MKD"]
[SourceTitle "CBM 192 Extra"]
[Source "Chessbase"]
[SourceDate "2019.11.06"]
[SourceVersion "1"]
[SourceVersionDate "2019.11.06"]
[SourceQuality "1"]

1. e4 e5 2. Nf3 Nc6 3. d4 exd4 4. Nxd4 Nf6 5. Nxc6 bxc6 6. e5 Nd5 7. Bd3 Bc5 8. Qg4 Kf8 9. 0-0 d6 10. Qa4 Bd7 11. Nd2 dxe5 12. Nf3 f6 13. Bd2 Qe7 14. Rad1 Rb8 15. c4 Nf4 16. Bxf4 exf4 17. Rfe1 Qf7 18. Qc2 Re8 19. Bxh7 Rxe1+ 20. Rxe1 Be8 21. Bf5 g6 22. Be6 Qh7 23. Qe4 g5 24. Bf5 Qe7 25. Qd3 Qd6 26. Qc2 Bh5 27. Rd1 Qe7 28. Rd7 Qe8 29. Rxc7 Bxf3 30. Rc8 Qxc8 31. Bxc8 Kg7 32. Qf5 1-0

[Event "Ohrid Lasker U20 op"]
[Site "Ohrid"]
[Date "2019.10.10"]
[Round "1"]
[White "Boci, Petro"]
[Black "Kajevski Velevski, Miro"]
[Result "1-0"]
[WhiteElo "1385"]
[BlackElo "1027"]
[PlyCount "95"]
[EventDate "2019.10.10"]
[EventType "swiss"]
[EventRounds "7"]
[EventCountry "MKD"]
[SourceTitle "CBM 192 Extra"]
[Source "Chessbase"]
[SourceDate "2019.11.06"]
[SourceVersion "1"]
[SourceVersionDate "2019.11.06"]
[SourceQuality "1"]

1. d4 Nf6 2. c4 g6 3. Nc3 Bg7 4. e4 d6 5. f3 0-0 6. Nge2 e5 7. Be3 Ne8 8. g4 f5 9. gxf5 gxf5 10. h4 f4 11. Bf2 Nf6 12. h5 Nbd7 13. c5 Qe8 14. h6 Bh8 15. Qb3+ Rf7 16. Rg1+ Kf8 17. 0-0-0 Ke7 18. cxd6+ cxd6 19. dxe5 Nxe5 20. Nxf4 Nxf3 21. Ncd5+ Kf8 22. Qxf3 Qc6+ 23. Qc3 Qxc3+ 24. bxc3 Nxd5 25. Rxd5 Rxf4 26. Bg3 Rxe4 27. Bxd6+ Ke8 28. Rg8+ Kd7 29. Rxh8 Re1+ 30. Rd1 Rxd1+ 31. Kxd1 Kxd6 32. Kd2 b6 33. Bg2 Rb8 34. Be4 Kc7 35. Bxh7 Be6 36. Rxb8 Kxb8 37. Bg6 Bg8 38. h7 Bxh7 39. Bxh7 a5 40. Kd3 Kc7 41. Kc4 Kc6 42. Be4+ Kc7 43. Kb5 Kd6 44. Kxb6 a4 45. c4 a3 46. c5+ Kd7 47. Kb7 Kd8 48. c6 1-0

[Event "Struga Lake Queen op"]
[Site "Struga"]
[Date "2019.09.08"]
[Round "3"]
[White "Galeski, Andrej"]
[Black "Boci, Petro"]
[Result "0-1"]
[WhiteElo "1200"]
[BlackElo "1424"]
[PlyCount "110"]
[EventDate "2019.09.07"]
[EventType "swiss"]
[EventRounds "7"]
[EventCountry "MKD"]
[SourceTitle "EXT 2020"]
[Source "ChessBase"]
[SourceDate "2019.10.17"]
[SourceVersion "1"]
[SourceVersionDate "2019.10.17"]
[SourceQuality "1"]

1. e4 c5 2. Nf3 Nc6 3. d3 g6 4. Be3 Bg7 5. d4 cxd4 6. Nxd4 Nf6 7. Nc3 Qa5 8. Nb3 Qc7 9. Qd2 0-0 10. 0-0-0 d6 11. Bh6 Rd8 12. Bxg7 Kxg7 13. Bc4 Ne5 14. Be2 Be6 15. f4 Ned7 16. f5 Bxb3 17. axb3 Nc5 18. h4 Ncxe4 19. Nxe4 Nxe4 20. Qd4+ Nf6 21. g4 Rac8 22. Bd3 Qc5 23. Qf4 Nd5 24. Qg3 Qe3+ 25. Qxe3 Nxe3 26. Rde1 Nxg4 27. fxg6 Ne5 28. Re3 Nxd3+ 29. Rxd3 hxg6 30. Rg3 Rc5 31. h5 g5 32. b4 Re5 33. Rc3 Rd7 34. Rc8 f5 35. h6+ Kh7 36. Rf8 e6 37. Rf6 f4 38. Rg1 Re7 39. b3 a6 40. Kb2 b5 41. c4 bxc4 42. bxc4 Re8 43. Rh1 Rf5 44. Rxf5 exf5 45. Rd1 Re6 46. Ra1 f3 47. Kc3 g4 48. b5 axb5 49. cxb5 d5 50. Ra6 Re1 51. b6 f2 52. b7 f1Q 53. b8Q Qc4+ 54. Kd2 Re2+ 55. Kd1 Qc2# 0-1

[Event "Struga Lake Queen op"]
[Site "Struga"]
[Date "2019.09.07"]
[Round "1"]
[White "Brisku, Sotiraq"]
[Black "Boci, Petro"]
[Result "0-1"]
[WhiteElo "1110"]
[BlackElo "1424"]
[PlyCount "98"]
[EventDate "2019.09.07"]
[EventType "swiss"]
[EventRounds "7"]
[EventCountry "MKD"]
[SourceTitle "EXT 2020"]
[Source "ChessBase"]
[SourceDate "2019.10.17"]
[SourceVersion "1"]
[SourceVersionDate "2019.10.17"]
[SourceQuality "1"]

1. e4 c5 2. Nf3 Nc6 3. Bc4 e6 4. Nc3 Be7 5. d3 a6 6. a4 Qc7 7. Be3 Nf6 8. h3 0-0 9. Qd2 d6 10. Bb3 e5 11. Nd5 Nxd5 12. exd5 Nd4 13. Qd1 Nxb3 14. cxb3 f5 15. Bg5 Bxg5 16. Nxg5 h6 17. Nf3 Qf7 18. 0-0 Qxd5 19. Qc2 f4 20. Qc4 Be6 21. Qxd5 Bxd5 22. Ra3 b5 23. axb5 axb5 24. Rxa8 Rxa8 25. Nd2 Ra2 26. Rb1 Kf7 27. g4 fxg3 28. fxg3 Ke6 29. g4 Kf6 30. Ne4+ Bxe4 31. dxe4 Kg5 32. Rd1 Rxb2 33. Rxd6 Rxb3 34. Rd5 Kf4 35. Rxc5 Kxe4 36. Rc7 g5 37. Rc6 Rxh3 38. Rb6 Rg3+ 39. Kf2 Rxg4 40. Rxb5 h5 41. Rb4+ Kd3 42. Rb3+ Kc2 43. Re3 e4 44. Re2+ Kd3 45. Re3+ Kd4 46. Ra3 h4 47. Ra4+ Ke5 48. Ke3 Rg3+ 49. Ke2 Kf4 0-1

[Event "Ohrid Lasker U20 op"]
[Site "Ohrid"]
[Date "2018.10.13"]
[Round "5"]
[White "Zrmanovska, Mihaela"]
[Black "Boci, Petro"]
[Result "1-0"]
[WhiteElo "1354"]
[BlackElo "1196"]
[PlyCount "73"]
[EventDate "2018.10.11"]
[EventType "swiss"]
[EventRounds "7"]
[EventCountry "MKD"]
[SourceTitle "CBM 186 Extra"]
[Source "ChessBase"]
[SourceDate "2018.08.24"]
[SourceVersion "1"]
[SourceVersionDate "2018.08.24"]
[SourceQuality "1"]

1. e4 e6 2. d4 d5 3. e5 c5 4. c3 Qb6 5. Nf3 Nc6 6. a3 a5 7. Qd3 cxd4 8. cxd4 Nge7 9. Qb5 Qxb5 10. Bxb5 Bd7 11. Bd3 g6 12. Nc3 Bg7 13. Bg5 h6 14. Bh4 g5 15. Bg3 g4 16. Nb5 0-0 17. Nd2 Nf5 18. Bxf5 exf5 19. Nc7 Nxd4 20. Nxa8 Nc2+ 21. Kd1 Nxa1 22. Nb6 Bb5 23. Nxd5 Rd8 24. Ne7+ Kf8 25. Nxf5 Nb3 26. Bf4 Bxe5 27. Bxh6+ Kg8 28. Ke1 Nxd2 29. Bxd2 Bxb2 30. Bxa5 Rd7 31. Bb4 Kh7 32. h3 gxh3 33. Rxh3+ Kg6 34. Ne7+ Kf6 35. f4 Rxe7+ 36. Bxe7+ Kxe7 37. Rb3 1-0